000 00345nam a2200133 i 4500
001 bgj
100 1 _aKNOP, C. K.
245 0 _aTeaching a second language :
_ba guide for the student teacher /
_cC. K. Knop.
260 _aWashington, D.C.,
_c1980.
040 _cBPK
041 _aeng
942 _cKS
008 s uk f |000 0 eng
999 _c47635
_d47635
856 _uhttp://koha.tu.koszalin.pl/cgi-bin/koha/opac-detail.pl?biblionumber=47635
_yKatalog online BPK